| 000 | 00771nam a2200229 4500 | ||
|---|---|---|---|
| 001 | K121077 | ||
| 007 | ta | ||
| 008 | 190808b2019 ||||| |||| 00| 0 eng d | ||
| 041 | _aeng | ||
| 100 | _aCousins, Stephen | ||
| 245 |
_aWelcome to the city of the future _bYes, It's Bristol |
||
| 260 | _c2019 | ||
| 490 |
_aRICS Modus _vJuly/August 2019, 28-31(4) |
||
| 520 | _aExamines how the city of Bristol is using the power of data to improve the life of its citizens and looks at how other cities could learn from this approach. | ||
| 650 | _aBig Data | ||
| 650 | _aBIM | ||
| 650 | _acities | ||
| 651 | _aUnited Kingdom 1973 | ||
| 690 |
_96274 _aPropTech |
||
| 856 |
_uhttps://issuu.com/ricsmodus/docs/modus_julaug19 _yAvailable free online via Issuu |
||
| 942 | _2ddc | ||
| 999 |
_c121077 _d121077 |
||